Musical Books by Musical Women Quiz Stats

 Plays Quiz Updated Sep 12, 2016

Challenge
Share
Tweet
Score 0/30 Timer 08:00
1 Play Today
% Correct
Dolly Parton
97.6%
Tina Turner
93%
Cher
88.5%
Celine Dion
82.4%
Britney Spears
80.1%
Janet Jackson
79.4%
Aretha Franklin
78.4%
Jennifer Lopez
74.4%
Maria Augusta von Trapp
70.7%
Marie Osmond
67.9%
Reba McEntire
67.6%
Alicia Keys
67.5%
Loretta Lynn
65.9%
Carole King
64.6%
Wynonna Judd
62.9%
% Correct
Toni Braxton
62%
Diana Ross
59.6%
Vanessa Williams
57.6%
Pat Benatar
57.3%
Billie Holiday
55.7%
Victoria Beckham
54%
LeAnn Rimes
52.8%
Melissa Etheridge
47.9%
Patti Smith
45.2%
Kristin Chenoweth
43.2%
Patti LaBelle
42.8%
Grace Slick
40.4%
Nina Simone
37.1%
Etta James
28.1%
Cyndi Lauper
27.6%

You're not logged in!

Compare scores with friends on all Sporcle quizzes.
OR
Log In

You Might Also Like...

Show Comments

Extras

Top Quizzes Today


Score Distribution

Your Account Isn't Verified!

In order to create a playlist on Sporcle, you need to verify the email address you used during registration. Go to your Sporcle Settings to finish the process.

Report this User

Report this user for behavior that violates our Community Guidelines.

Details: